Give Thanks (Record no. 6085)

MARC details
000 -LEADER
fixed length control field 00201nam a22000857a 4500
008 - FIXED-LENGTH DATA ELEMENTS--GENERAL INFORMATION
fixed length control field 170213b xxu||||| |||| 00| 0 eng d
100 ## - MAIN ENTRY--PERSONAL NAME
9 (RLIN) 2866
Personal name Dornacher.K.
245 ## - TITLE STATEMENT
Title Give Thanks
260 ## - PUBLICATION, DISTRIBUTION, ETC. (IMPRINT)
Place of publication, distribution, etc. USA
Name of publisher, distributor, etc. T.N.
Date of publication, distribution, etc. 1798
Holdings
Withdrawn status Lost status Source of classification or shelving scheme Damaged status Koha normalized classification for sorting Not for loan Home library Current library Shelving location Date acquired Total Checkouts Total Renewals Full call number Barcode Date last seen Date last checked out Price effective from Koha item type
    Dewey Decimal Classification   001_000000000000000   Good Samaritan School Library Good Samaritan School Library GENERAL 02/13/2017 6 1 001 DOR8492 04/25/2023 04/24/2023 02/13/2017 BOOK

Powered by Koha